000 00402nam a2200145 i 4500
001 bg
100 1 _aPierzchała, Henryk
_d(1922- ).
245 1 0 _aDrogi kołowe, ulice i węzły drogowe.
_nT.1 /
_cH. Pierzchała, R. J. Grabowski.
260 _aBiałystok,
_c1989.
700 1 _aGrabowski, Ryszard Józef.
040 _cBPK
041 _apol
942 _cKS
008 s pl f |000 0 pol
999 _c4160
_d4160
856 _uhttp://koha.tu.koszalin.pl/cgi-bin/koha/opac-detail.pl?biblionumber=4160
_yKatalog online BPK